000 00557nam a22001937a 4500
999 _c195323
_d195323
005 20230317155503.0
010 _aENG-136413
020 _a9788181714404
_c1360.00
035 _aEN-119945
037 _bDBAD/PUB
082 _a919.89
100 _aGantait, Viswa
245 _aAntarctica /
_cBy Viswa Gantait and K.Venkataraman
260 _aKolkata
_bZoological Survey Of India
_c2016
270 _aM Block, New Alipore
_bKolkata
_e700053
300 _a122p.
_c24cm(hbk)
700 _aVenkataraman,K
942 _2ddc
_cEN
_h919.89
_mVIS